000 01620nam0a2200373 4500
001 RU\NLR\bibl\166931
005 20260406042023.0
010 _a5-7310-1288-1
_9200
021 _aRU
_b2001-11740
_9549
035 _a(NLR Aleph) 000163746
090 _a942275
_c942275
100 _a20010521d2000 |||y0rusy50 ca
101 0 _arus
102 _aRU
105 _aa |||||||||
200 1 _aУправление качеством продукции энергосистем
_fВ.В. Томилов, Р.Р. Голубкова, В.Г. Еловенко
_gМ-во образования Рос. Федерации, С.-Петерб. гос. ун-т экономики и финансов
210 _aСПб.
_cИзд-во СПбГУЭФ
_d2000
215 _a117 с.
_cил.
_d20
320 _aБиблиогр.: с. 106-116
606 0 _aЭнергетическая промышленность
_xКачество
_xУправление
_92195585
_3RU\NLR\auth\661319598
610 0 _aЭнергетические системы - Управление
675 _a620.9:658.562.012
_v3
_zrus
686 _a44/81
_2rugasnti
686 _a65.304.13
_2rubbk
686 _aУ30(2)57-823.2-21
700 1 _4070
_8rus
_7ca
_aТомилов
_bВ. В.
_gВладимир Васильевич
_3RU\NLR\auth\772335
_9112350
701 1 _aГолубкова
_gРаиса Рашидовна
_4070
701 1 _aЕловенко
_gВладимир Георгиевич
_4070
801 0 _aRU
_bRKP
_c20010521
_gPSBO
801 1 _aRU
_bRKP
_c20010521
801 2 _aRU
_bNLR
_c20060516
_grcr
942 _cBOOK
980 _aNB